Normal view
MARC view
- Historic buildings
Entry Topical Term
001 - CONTROL NUMBER
- control field: 49795
003 - CONTROL NUMBER IDENTIFIER
- control field: NUST
005 - DATE AND TIME OF LATEST TRANSACTION
- control field: 20210314134438.0
008 - FIXED-LENGTH DATA ELEMENTS
- fixed length control field: 210314|| aca||aabn | a|a d
040 ## - CATALOGING SOURCE
- Original cataloging agency: NUST
- Transcribing agency: NUST
150 ## - HEADING--TOPICAL TERM
- Topical term or geographic name entry element: Historic buildings
- Geographic subdivision: India
- Geographic subdivision: Kolkata
670 ## - SOURCE DATA FOUND
- Source citation: Work cat.: (NUST): Curzon of Kedleston, George Nathaniel Curzon, 49793, British government in India., [1925]
